Avril Lavigne Songs By Album - Statistics

General Stats
  • This quiz has been taken 720 times
  • The average score is 36 of 72
Answer Stats
Album Song % Correct
Let Go Complicated
94%
The Best Damn Thing Girlfriend
93%
The Best Damn Thing (Special Limited Edition) Girlfriend Remix (ft Lil Mama)
93%
Let Go Sk8er Boi
90%
The Best Damn Thing The Best Damn Thing
79%
Let Go I'm With You
77%
Avril Lavigne Hello Kitty
75%
Under My Skin My Happy Ending
75%
Goodbye Lullaby What The Hell
74%
Goodbye Lullaby Smile
71%
The Best Damn Thing Hot
69%
Avril Lavigne Here's To Never Growing Up
68%
Under My Skin Nobody's Home
68%
Let Go Losing Grip
67%
The Best Damn Thing When You're Gone
67%
Let Go Mobile
63%
Goodbye Lullaby Alice
61%
Avril Lavigne Rock N Roll
61%
Goodbye Lullaby Goodbye
59%
Goodbye Lullaby Wish You Were Here
59%
The Best Damn Thing Keep Holding On
57%
Under My Skin He Wasn't
56%
The Best Damn Thing Innocence
56%
Avril Lavigne Let Me Go (ft Chad Kroeger)
56%
Let Go Naked
56%
Under My Skin Don't Tell Me
55%
Let Go Anything But Ordinary
50%
Goodbye Lullaby Black Star
50%
Let Go My World
50%
Avril Lavigne 17
49%
Under My Skin Take Me Away
49%
The Best Damn Thing Runaway
48%
Let Go Things I'll Never Say
48%
Let Go Tomorrow
48%
Goodbye Lullaby I Love You
47%
Under My Skin Slipped Away
47%
Under My Skin Together
47%
Let Go Unwanted
47%
Avril Lavigne Bad Girl (ft Marilyn Manson)
45%
Under My Skin Fall To Pieces
45%
Avril Lavigne Bitchin' Summer
44%
The Best Damn Thing I Can Do Better
44%
Let Go Nobody's Fool
44%
Under My Skin Freak Out
42%
Goodbye Lullaby Everybody Hurts
41%
The Best Damn Thing Contagious
40%
Goodbye Lullaby Push
40%
The Best Damn Thing Everything Back But You
39%
Under My Skin Forgotten
39%
Under My Skin Who Knows
39%
Avril Lavigne Give You What You Like
38%
The Best Damn Thing One Of Those Girls
38%
Goodbye Lullaby Darlin'
37%
Under My Skin How Does It Feel
37%
Avril Lavigne Hush Hush
37%
Let Go Too Much To Ask
36%
The Best Damn Thing I Don't Have To Try
35%
Goodbye Lullaby 4 Real
34%
Avril Lavigne Sippin' On Sunshine
34%
Goodbye Lullaby Remember When
33%
Goodbye Lullaby Stop Standing There
33%
Under My Skin (UK Bonus Track) I Always Get What I Want
30%
Avril Lavigne Hello Heartache
29%
Goodbye Lullaby Not Enough
29%
Let Go (Japanese Bonus Track) Why
29%
The Best Damn Thing (Special Limted Edition) Alone
28%
Avril Lavigne (Bonus Track) Bad Reputation
28%
The Best Damn Thing (Special Limited Edition) I Will Be
28%
Avril Lavigne Falling Fast
27%
Avril Lavigne You Ain't Seen Nothin' Yet
24%
Avril Lavigne (Bonus Track) How You Remind Me
23%
Goodbye Lullaby (Japanese Bonus Track) Knocking On Heaven's Door
14%
No matching quizzes found
Score Distribution
Percent of People with Each Score
Percentile by Number Answered
Your Score History
You have not taken this quiz